书目信息 |
| 题名: |
塑料添加剂应用手册
|
|
| 作者: | 杨明 编著 | |
| 分册: | ||
| 出版信息: | 南京 江苏科学技术出版社 2002.02 |
|
| 页数: | 756页 | |
| 开本: | 20cm | |
| 丛书名: | ||
| 单 册: | ||
| 中图分类: | TQ320.4-62 | |
| 科图分类: | ||
| 主题词: | 合成树脂--化学工业 , 塑料工业 | |
| 电子资源: | ||
| ISBN: | 7-5345-3546-8 | |
| 000 | 00598nam0 2200205 45 | |
| 001 | 0359019208 | |
| 005 | 2003032516233909 | |
| 010 | @a7-5345-3546-8@dRMB 38.00 | |
| 100 | @a20030325d2002 km y0chiy0120 ea | |
| 101 | 0 | @achi |
| 102 | @aCN@b320000 | |
| 200 | 1 | @a塑料添加剂应用手册@Asu liao tian jia ji ying yong shou ce@f杨明编著@FYang Ming Bian Zhu |
| 210 | @a南京@c江苏科学技术出版社@d2002.02 | |
| 215 | @a756页@d20cm | |
| 606 | 0 | @a合成树脂@x化学工业 |
| 606 | 0 | @a塑料工业 |
| 690 | @aTQ320.4-62@v3 | |
| 701 | 0 | @a杨明@AYang Ming@4编著 |
| 801 | 0 | @aCN@bPFT@c20030325 |
| 905 | @a@dTQ320.4-62@eY232 | |
| 塑料添加剂应用手册/杨明编著.-南京:江苏科学技术出版社,2002.02 |
| 756页;20cm |
| ISBN 7-5345-3546-8:RMB 38.00 |
| ● |
| 相关链接 |
|
|
|
正题名:塑料添加剂应用手册
索取号:TQ320.4-62/Y232
 
预约/预借
| 序号 | 登录号 | 条形码 | 馆藏地/架位号 | 状态 | 备注 |
| 1 | 371073 | 203710733 | 自科库501/501自科库 140排5列5层/ [索取号:TQ320.4-62/Y232] | 在馆 | |
| 2 | 371074 | 203710742 | 自科库501/501自科库 140排5列5层/ [索取号:TQ320.4-62/Y232] | 在馆 |